Minimaksnyje algoritmy v zadačach čislennogo analiza /

Guardado en:
Detalles Bibliográficos
Autor principal: Sucharev, Aleksej Grigorjevič (Autor)
Formato: Libro
Lenguaje:ruso
Publicado: Moskva : Nauka, 1989
Etiquetas: Agregar Etiqueta
Sin Etiquetas, Sea el primero en etiquetar este registro!

MARC

LEADER 00000nam a22000003a 4500
001 stu31019
005 20150617225735.7
008 930308s1989----ru------------------rus-d
040 |a STU  |b slo 
041 0 |a rus 
044 |a ru 
080 |a 519.6 
100 1 |a Sucharev, Aleksej Grigorjevič  |4 aut 
245 1 |a Minimaksnyje algoritmy v zadačach čislennogo analiza /  |c [aut.] Sucharev,A.G 
260 |a Moskva :  |b Nauka,  |c 1989 
300 |a 299 s 
996 |b J86742  |c J*86742  |l JJK1  |s P  |a 0  |w stu31019_0001